[Event "Vesterhavsturneringen 2004"]
[Site "Esbjerg"]
[Date "2004.07.03"]
[Round "1"]
[White "Klos, Bjarne"]
[Black "Schandorff, Lars"]
[Result "0-1"]
[WhiteElo "1758"]
[BlackElo "2505"]
[PlyCount "66"]
[EventDate "2004.??.??"]
[EventType "swiss"]
[EventRounds "9"]
[EventCountry "DEN"]

1. d4 d5 2. c4 c6 3. Nc3 Nf6 4. Nf3 a6 5. c5 Nbd7 6. h3 b6 7. cxb6 Qxb6 8. Qc2
e6 9. e3 Bb7 10. Bd2 Qa7 11. Na4 Ne4 12. b4 Nxd2 13. Qxd2 a5 14. bxa5 Qxa5 15.
Qxa5 Rxa5 16. Nb2 Bb4+ 17. Kd1 Ke7 18. Nd3 Bd6 19. Nd2 Rha8 20. Nc1 Kd8 21.
Ndb3 Ra4 22. Kc2 e5 23. Be2 g6 24. Kb1 Kc7 25. Rd1 Nf8 26. Rd2 Ne6 27. Kb2 exd4
28. exd4 Bf4 29. Rd1 Bh6 30. Rb1 Bg7 31. Kc3 c5 32. Bb5 Ra3 33. Kc2 c4 0-1

[Event "Vesterhavsturneringen 2004"]
[Site "Esbjerg"]
[Date "2004.07.03"]
[Round "1"]
[White "Knudsen, Michael"]
[Black "Andersen, Rune"]
[Result "0-1"]
[WhiteElo "1462"]
[BlackElo "2045"]
[PlyCount "70"]
[EventDate "2004.??.??"]
[EventType "swiss"]
[EventRounds "9"]
[EventCountry "DEN"]

1. e4 c5 2. Nf3 Nc6 3. d4 cxd4 4. Nxd4 g6 5. Nc3 Bg7 6. Be3 Nf6 7. f3 O-O 8.
Qd2 d5 9. Nxc6 bxc6 10. O-O-O e5 11. exd5 cxd5 12. Nxd5 Nxd5 13. Qxd5 Qc7 14.
Qc5 Qb7 15. Be2 Rb8 16. b3 Bf5 17. Bd3 e4 18. fxe4 Bxe4 19. Qxa7 Qc6 20. Qc5
Qa8 21. Qa7 Bxg2 22. Qxa8 Rxa8 23. Rhg1 Rxa2 24. Kd2 Bd5 25. Rb1 Rc8 26. Rg4 h5
27. Rh4 Be6 28. Bd4 Bh6+ 29. Be3 Bxe3+ 30. Kxe3 Bg4 31. Kf4 Rc5 32. Kg3 f5 33.
h3 g5 34. Rxg4 hxg4 35. hxg4 f4+ 0-1

[Event "Vesterhavsturneringen 2004"]
[Site "Esbjerg"]
[Date "2004.07.03"]
[Round "1"]
[White "Konradsen, Vagn"]
[Black "Sandbech, Ted"]
[Result "1/2-1/2"]
[WhiteElo "1196"]
[BlackElo "1613"]
[PlyCount "71"]
[EventDate "2004.??.??"]
[EventType "swiss"]
[EventRounds "9"]
[EventCountry "DEN"]

1. h4 e5 2. e4 d5 3. exd5 Qxd5 4. Nc3 Qa5 5. d3 c6 6. Bd2 Qc7 7. g3 Nf6 8. Bh3
Bxh3 9. Nxh3 Nbd7 10. Bg5 Bc5 11. Qe2 O-O-O 12. Bxf6 Nxf6 13. Ng5 h6 14. Nge4
Nxe4 15. Nxe4 f5 16. Nxc5 Qa5+ 17. Qd2 Qxc5 18. O-O-O e4 19. d4 Qd5 20. b3 c5
21. Qc3 b6 22. dxc5 Qxc5 23. Qxc5+ bxc5 24. Rxd8+ Rxd8 25. Rd1 Rxd1+ 26. Kxd1
Kc7 27. Kd2 Kd6 28. c4 g5 29. a3 f4 30. hxg5 hxg5 31. b4 Kc6 32. gxf4 gxf4 33.
Ke2 Kb6 34. Kd2 a5 35. b5 Kc7 36. Ke2 1/2-1/2

[Event "Vesterhavsturneringen 2004"]
[Site "Esbjerg"]
[Date "2004.07.03"]
[Round "1"]
[White "Kragh, Niels Kristian"]
[Black "Madsen, Svend"]
[Result "1/2-1/2"]
[WhiteElo "1981"]
[BlackElo "1502"]
[PlyCount "67"]
[EventDate "2004.??.??"]
[EventType "swiss"]
[EventRounds "9"]
[EventCountry "DEN"]

1. e4 e5 2. Nf3 Nc6 3. Bb5 a6 4. Ba4 Nf6 5. O-O b5 6. Bb3 Be7 7. Re1 O-O 8. a4
b4 9. d3 d6 10. a5 Bg4 11. Nbd2 Nd4 12. Bc4 c5 13. h3 Nxf3+ 14. Nxf3 Be6 15.
Bg5 Qd7 16. Nd2 Ne8 17. Qh5 Nc7 18. f4 f6 19. Bh4 exf4 20. Bxe6+ Qxe6 21. Nc4
Nb5 22. Nb6 Rab8 23. Bf2 Bd8 24. Nd5 Qe5 25. Qg4 Qxb2 26. Nxf4 Qe5 27. Ne6 Rf7
28. Bg3 h5 29. Bxe5 hxg4 30. Bg3 gxh3 31. Nxc5 hxg2 32. Nxa6 Ra8 33. Nxb4 Rxa5
34. Nd5 1/2-1/2

[Event "Vesterhavsturneringen 2004"]
[Site "Esbjerg"]
[Date "2004.07.03"]
[Round "1"]
[White "Larsen, Peter"]
[Black "Jensen, Jan"]
[Result "1-0"]
[WhiteElo "2150"]
[BlackElo "1675"]
[PlyCount "73"]
[EventDate "2004.??.??"]
[EventType "swiss"]
[EventRounds "9"]
[EventCountry "DEN"]

1. e4 c5 2. Nf3 Nc6 3. d4 cxd4 4. Nxd4 Nf6 5. Nc3 e5 6. Ndb5 d6 7. Bg5 a6 8.
Na3 b5 9. Bxf6 gxf6 10. Nd5 Bg7 11. c3 f5 12. exf5 Bxf5 13. Nc2 Be6 14. Nce3
O-O 15. Bd3 f5 16. O-O Ra7 17. a4 Ne7 18. Nxe7+ Rxe7 19. axb5 axb5 20. Bxb5 Qb6
21. Nd5 Bxd5 22. Qxd5+ Kh8 23. Ra6 Qb7 24. Rxd6 f4 25. b3 Qxd5 26. Rxd5 e4 27.
c4 Bc3 28. c5 f3 29. c6 fxg2 30. Rfd1 e3 31. fxe3 Rxe3 32. c7 Kg7 33. Rg5+ Kh6
34. h4 Re1+ 35. Rxe1 Bxe1 36. Bd7 Bxh4 37. Rg4 1-0

[Event "Vesterhavsturneringen 2004"]
[Site "Esbjerg"]
[Date "2004.07.03"]
[Round "1"]
[White "Larsen, Peter Elkjaer"]
[Black "Hein, Jacob"]
[Result "1/2-1/2"]
[WhiteElo "1901"]
[BlackElo "1317"]
[PlyCount "40"]
[EventDate "2004.??.??"]
[EventType "swiss"]
[EventRounds "9"]
[EventCountry "DEN"]

1. e4 e6 2. d4 d5 3. exd5 exd5 4. Bd3 Nc6 5. c3 Bd6 6. Nf3 Bg4 7. Qb3 Nge7 8.
Qxb7 O-O 9. Qb3 Re8 10. Be3 Nf5 11. Bb5 Rb8 12. Qa4 Nxe3 13. fxe3 Rxe3+ 14. Kf2
Bf4 15. Nbd2 Ne7 16. Rae1 Nf5 17. g3 Rxe1 18. Rxe1 Bxd2 19. Nxd2 Nd6 20. Be2
Qf6+ 1/2-1/2

[Event "Vesterhavsturneringen 2004"]
[Site "Esbjerg"]
[Date "2004.07.03"]
[Round "1"]
[White "Leimand, Peter Martin"]
[Black "Konstantinov, Maxim"]
[Result "1-0"]
[WhiteElo "2074"]
[BlackElo "1519"]
[PlyCount "75"]
[EventDate "2004.??.??"]
[EventType "swiss"]
[EventRounds "9"]
[EventCountry "DEN"]

1. e4 c5 2. Nc3 e6 3. d3 Nc6 4. g3 d5 5. exd5 exd5 6. Bg2 Nf6 7. Bg5 d4 8. Qe2+
Be7 9. Bxf6 dxc3 10. Bxg7 cxb2 11. Bxb2 Qa5+ 12. Qd2 Qxd2+ 13. Kxd2 O-O 14. Re1
Bg5+ 15. f4 Bh6 16. Nf3 Be6 17. a3 Rfd8 18. Ng5 Bf5 19. Ne4 c4 20. Bf6 Bxe4 21.
Rxe4 Rd6 22. Bc3 cxd3 23. cxd3 Rad8 24. Re3 Nd4 25. Rhe1 Ne6 26. Bxb7 R6d7 27.
Bc6 Rd6 28. Bb5 Bg7 29. Bb4 Rb6 30. Ba5 Rxb5 31. Bxd8 Rb2+ 32. Kc1 Ra2 33. f5
Ra1+ 34. Kd2 Ra2+ 35. Kd1 Bc3 36. fxe6 Ra1+ 37. Kc2 Rxe1 38. Rxe1 1-0

[Event "Vesterhavsturneringen 2004"]
[Site "Esbjerg"]
[Date "2004.07.03"]
[Round "1"]
[White "Munch, Anders J"]
[Black "Ditlevsen, Birgit"]
[Result "1-0"]
[WhiteElo "1840"]
[BlackElo "1229"]
[PlyCount "91"]
[EventDate "2004.??.??"]
[EventType "swiss"]
[EventRounds "9"]
[EventCountry "DEN"]

1. d4 d5 2. c4 e6 3. Nc3 Bb4 4. Nf3 Bxc3+ 5. bxc3 h6 6. a4 Ne7 7. Ba3 O-O 8. e3
Re8 9. Bd3 c6 10. O-O Qc7 11. Rc1 Nd7 12. cxd5 Nxd5 13. e4 Nf4 14. Bb1 e5 15.
Qd2 exd4 16. cxd4 Nf6 17. Ne5 Ne6 18. Bb2 Qb6 19. Nc4 Qc7 20. e5 Nd5 21. Nd6
Rd8 22. Qd3 Nf8 23. Ba3 Nf4 24. Qe4 N4g6 25. f4 Qd7 26. f5 Nh8 27. Rf2 Nh7 28.
e6 Qc7 29. e7 Nf6 30. exd8=Q+ Qxd8 31. Qd3 Qb6 32. Ba2 Ng4 33. Re2 Bd7 34. Rb1
Qd8 35. h3 Nf6 36. Nxb7 Qc7 37. Bd6 Qc8 38. Re5 Ne8 39. Ba3 Rb8 40. Nd6 Rxb1+
41. Qxb1 Qd8 42. Bc5 Qa8 43. Nxf7 Nxf7 44. Qb3 Nf6 45. Qxf7+ Kh8 46. Bf8 1-0

[Event "Vesterhavsturneringen 2004"]
[Site "Esbjerg"]
[Date "2004.07.03"]
[Round "1"]
[White "Munksgaard, Dennis"]
[Black "Madsen, Simon Rise"]
[Result "0-1"]
[WhiteElo "1846"]
[BlackElo "1250"]
[PlyCount "40"]
[EventDate "2004.??.??"]
[EventType "swiss"]
[EventRounds "9"]
[EventCountry "DEN"]

1. e4 c5 2. Nf3 e6 3. Nc3 a6 4. a4 Qc7 5. Bc4 Nc6 6. d3 Nf6 7. g3 Be7 8. Bf4 d6
9. d4 cxd4 10. Ne2 e5 11. Bd2 Nxe4 12. c3 Nxd2 13. Qxd2 Bg4 14. Qd3 O-O 15.
cxd4 Nb4 16. Qb3 Bxf3 17. Rc1 Qa5 18. Bxf7+ Rxf7 19. O-O Bxe2 20. Rfe1 Nd3 0-1

[Event "Vesterhavsturneringen 2004"]
[Site "Esbjerg"]
[Date "2004.07.03"]
[Round "1"]
[White "Nielsen, Marianne Izaura"]
[Black "Flindt, Thomas"]
[Result "0-1"]
[WhiteElo "1617"]
[BlackElo "2117"]
[PlyCount "42"]
[EventDate "2004.??.??"]
[EventType "swiss"]
[EventRounds "9"]
[EventCountry "DEN"]

1. e4 Nc6 2. Nf3 d6 3. d4 e5 4. dxe5 Nxe5 5. Nxe5 dxe5 6. Qxd8+ Kxd8 7. Bc4 f6
8. O-O c6 9. Be3 Kc7 10. Nc3 Bb4 11. Ne2 Ne7 12. Rad1 Bd7 13. a3 Ba5 14. Bc5
Nc8 15. Rd3 Bb6 16. Rfd1 Bg4 17. Bxb6+ Nxb6 18. f3 Nxc4 19. fxg4 Rad8 20. b4
Nxa3 21. c3 Nc4 0-1

[Event "Vesterhavsturneringen 2004"]
[Site "Esbjerg"]
[Date "2004.07.03"]
[Round "1"]
[White "Pedersen, Christian Kyndel"]
[Black "Nielsen, Anders"]
[Result "1-0"]
[WhiteElo "2366"]
[BlackElo "1733"]
[PlyCount "53"]
[EventDate "2004.??.??"]
[EventType "swiss"]
[EventRounds "9"]
[EventCountry "DEN"]

1. Nf3 g6 2. c4 Bg7 3. e4 c5 4. d4 cxd4 5. Nxd4 d6 6. Nc3 Nc6 7. Be3 Nf6 8. Be2
a6 9. O-O Bd7 10. f3 Rc8 11. Qd2 h5 12. Nd5 Nxd5 13. exd5 Ne5 14. Rac1 O-O 15.
h3 f5 16. f4 Nf7 17. b4 Re8 18. Bf3 Qc7 19. c5 Bb5 20. Rfe1 Qb8 21. Ne6 Bf6 22.
c6 b6 23. Qf2 a5 24. bxa5 bxa5 25. Rb1 Bc3 26. Rec1 Bb4 27. Qb2 1-0

[Event "Vesterhavsturneringen 2004"]
[Site "Esbjerg"]
[Date "2004.07.03"]
[Round "1"]
[White "Pedersen, Jan"]
[Black "Petersen, Tom Petri"]
[Result "0-1"]
[WhiteElo "2393"]
[BlackElo "2202"]
[PlyCount "72"]
[EventDate "2004.??.??"]
[EventType "swiss"]
[EventRounds "9"]
[EventCountry "DEN"]

1. e4 g6 2. d4 Bg7 3. Nf3 d6 4. Be2 Nf6 5. Nc3 O-O 6. O-O Nbd7 7. Bg5 h6 8. Be3
e5 9. Qd2 Ng4 10. Rad1 Nxe3 11. Qxe3 c6 12. dxe5 dxe5 13. Na4 Qa5 14. b3 Re8
15. Nd2 Bf8 16. Nc4 Qc7 17. Ncb2 h5 18. c4 b6 19. Rd3 Kh7 20. Rfd1 Bh6 21. Qf3
Nf8 22. h3 Qe7 23. Rd6 Ne6 24. c5 b5 25. Nc3 Nd4 26. Qd3 Be6 27. Bf1 Rad8 28.
Rxd8 Rxd8 29. b4 a5 30. a3 axb4 31. axb4 Bb3 32. Qb1 Bxd1 33. Ncxd1 Qa7 34. Nd3
f6 35. Nc3 Qa3 36. Qe1 Nc2 0-1

[Event "Vesterhavsturneringen 2004"]
[Site "Esbjerg"]
[Date "2004.07.03"]
[Round "1"]
[White "Petersen, Jacob"]
[Black "Rosenberg, Jan"]
[Result "0-1"]
[WhiteElo "1088"]
[BlackElo "1786"]
[PlyCount "108"]
[EventDate "2004.??.??"]
[EventType "swiss"]
[EventRounds "9"]
[EventCountry "DEN"]

1. g3 d5 2. Nf3 c5 3. Bg2 Nc6 4. O-O e5 5. d3 Be7 6. Nbd2 Nf6 7. Nb3 O-O 8. Bg5
Qd6 9. c3 h6 10. Bxf6 Bxf6 11. Nfd2 Be6 12. e4 d4 13. c4 b6 14. Qe2 Kh7 15. Nc1
Qd7 16. f3 Nb4 17. Ndb3 a5 18. a3 Nc6 19. Qd1 g5 20. Ne2 Rg8 21. g4 Ne7 22. Ng3
Ng6 23. Nc1 b5 24. b3 Rab8 25. Nh5 Bh8 26. Ne2 bxc4 27. bxc4 Rb2 28. Qe1 Rgb8
29. Neg3 R8b3 30. Qd1 Qb7 31. Qe1 Qb6 32. Nf5 Bxf5 33. exf5 Nh4 34. Bh3 Rxd3
35. Qe4 Re3 36. Qd5 Qb7 37. Qxb7 Rxb7 38. Ng3 Nxf3+ 39. Kh1 Rb2 40. Bg2 Rbb3
41. Bxf3 Rxf3 42. Rxf3 Rxf3 43. Kg2 Rc3 44. Ne4 Rxc4 45. Ra2 d3 46. Kf3 Rc2 47.
Ra1 c4 48. Rd1 Rxh2 49. Ke3 Rc2 50. a4 Bg7 51. Nd6 Kg8 52. Nb5 Bf8 53. Ke4 f6
54. Na3 Bxa3 0-1

[Event "Vesterhavsturneringen 2004"]
[Site "Esbjerg"]
[Date "2004.07.03"]
[Round "1"]
[White "Rasmussen, Kasper Ammitzboll"]
[Black "Nielsen, Jorgen Kamp"]
[Result "1-0"]
[WhiteElo "1896"]
[BlackElo "1291"]
[PlyCount "37"]
[EventDate "2004.??.??"]
[EventType "swiss"]
[EventRounds "9"]
[EventCountry "DEN"]

1. d4 Nf6 2. Nf3 g6 3. c4 Bg7 4. Nc3 O-O 5. e4 d6 6. Be2 e5 7. O-O exd4 8. Nxd4
Re8 9. f3 Na6 10. Be3 c6 11. Qd2 Nc5 12. Rfd1 Re7 13. Nxc6 bxc6 14. Bxc5 Rd7
15. Be3 Bb7 16. Bg5 Qb6+ 17. Kh1 Ne8 18. Na4 Qc7 19. Nc5 1-0

[Event "Vesterhavsturneringen 2004"]
[Site "Esbjerg"]
[Date "2004.07.03"]
[Round "1"]
[White "Rendboe, John Filip"]
[Black "Nilsson, Jonas Gosta"]
[Result "1-0"]
[WhiteElo "2235"]
[BlackElo "1698"]
[PlyCount "131"]
[EventDate "2004.??.??"]
[EventType "swiss"]
[EventRounds "9"]
[EventCountry "DEN"]

1. d4 Nf6 2. c4 g6 3. Nc3 d5 4. cxd5 Nxd5 5. Bd2 Bg7 6. Nf3 c6 7. e4 Nxc3 8.
Bxc3 Bg4 9. Be2 O-O 10. O-O Nd7 11. a4 Nf6 12. Qc2 Nh5 13. Qd2 Qc7 14. h3 Bxf3
15. Bxf3 Nf6 16. g3 Rad8 17. Qe3 Nd7 18. Rac1 Nb6 19. b3 Qd7 20. Qg5 Qxh3 21.
Qxe7 Rd7 22. Qc5 f5 23. a5 Nc8 24. Bg2 Qg4 25. exf5 Qxf5 26. Qxf5 gxf5 27. a6
Ne7 28. Bb4 Rfd8 29. axb7 Rxb7 30. Bc5 Nd5 31. Ra1 Rxb3 32. Rxa7 Nc3 33. Re1
Rb1 34. Rxb1 Nxb1 35. Bxc6 Bxd4 36. Bxd4 Rxd4 37. Bd7 f4 38. Bf5 Rd1+ 39. Kg2
fxg3 40. Bxh7+ Kh8 41. Kxg3 Nc3 42. Bf5 Ne2+ 43. Kf3 Nd4+ 44. Ke4 Nxf5 45. Kxf5
Rd5+ 46. Ke6 Rd4 47. Ke5 Rb4 48. f4 Kg8 49. f5 Kf8 50. Kf6 Rb6+ 51. Kg5 Rb1 52.
Kg6 Rf1 53. Kf6 Kg8 54. Ra8+ Kh7 55. Ke6 Kg7 56. Ra7+ Kf8 57. Kf6 Kg8 58. Rc7
Re1 59. Rc8+ Kh7 60. Kf7 Rb1 61. Re8 Rb6 62. Re7 Ra6 63. Rd7 Rb6 64. Re7 Ra6
65. f6 Kh8 66. Kg6 1-0

[Event "Vesterhavsturneringen 2004"]
[Site "Esbjerg"]
[Date "2004.07.03"]
[Round "1"]
[White "Rewitz, Poul"]
[Black "Pedersen, Lars Wisler"]
[Result "1-0"]
[WhiteElo "2255"]
[BlackElo "1704"]
[PlyCount "59"]
[EventDate "2004.??.??"]
[EventType "swiss"]
[EventRounds "9"]
[EventCountry "DEN"]

1. g3 d5 2. Bg2 Nf6 3. f4 e6 4. Nf3 Bd6 5. d3 O-O 6. O-O c5 7. Nc3 a6 8. e4
dxe4 9. dxe4 c4 10. Kh1 Bb4 11. Qe2 Bxc3 12. bxc3 b5 13. Ba3 Re8 14. Rad1 Qc7
15. Bd6 Qb6 16. e5 Nd5 17. Ng5 g6 18. Qg4 Ne3 19. Qh3 h5 20. Bxa8 Nc6 21. Ne4
Rd8 22. Bc5 Nxf1 23. Bxb6 Rxd1 24. Bg1 Ne7 25. g4 Nd5 26. Nf6+ Kg7 27. gxh5
Nxf4 28. h6+ Kh8 29. Qf3 Ng3+ 30. hxg3 1-0

[Event "Vesterhavsturneringen 2004"]
[Site "Esbjerg"]
[Date "2004.07.03"]
[Round "1"]
[White "Sorensen, Carsten Klint"]
[Black "Bach, Matthias"]
[Result "0-1"]
[WhiteElo "1707"]
[BlackElo "2354"]
[PlyCount "42"]
[EventDate "2004.??.??"]
[EventType "swiss"]
[EventRounds "9"]
[EventCountry "DEN"]

1. e4 c5 2. Nf3 Nf6 3. e5 Nd5 4. Nc3 Nxc3 5. bxc3 d5 6. exd6 e6 7. Bc4 Bxd6 8.
O-O Qc7 9. Re1 O-O 10. Qe2 b6 11. h3 Bb7 12. Ng5 Nd7 13. Bxe6 fxe6 14. Qxe6+
Kh8 15. Nf7+ Rxf7 16. Qxf7 Qc6 17. f3 Ne5 18. Qh5 g6 19. Qg5 Nxf3+ 20. gxf3
Qxf3 21. Re6 Rf8 0-1

[Event "Vesterhavsturneringen 2004"]
[Site "Esbjerg"]
[Date "2004.07.03"]
[Round "1"]
[White "Sorensen, Jorn Lindved"]
[Black "Lindgaard, Tobias Simon"]
[Result "1-0"]
[WhiteElo "1784"]
[BlackElo "1000"]
[PlyCount "41"]
[EventDate "2004.??.??"]
[EventType "swiss"]
[EventRounds "9"]
[EventCountry "DEN"]

1. d4 d5 2. c4 Nf6 3. Nc3 e6 4. Bg5 Be7 5. Rc1 h6 6. Bh4 O-O 7. e3 Bd7 8. Bxf6
Bxf6 9. cxd5 exd5 10. Nxd5 Be6 11. Nxc7 Nc6 12. Nxa8 Qxa8 13. Bc4 Bxc4 14. Rxc4
b5 15. Rc3 Rd8 16. Qf3 Rd6 17. Ne2 Qc8 18. O-O b4 19. Rc2 Bg5 20. Rfc1 Rf6 21.
Rxc6 1-0

[Event "Vesterhavsturneringen 2004"]
[Site "Esbjerg"]
[Date "2004.07.03"]
[Round "1"]
[White "Stovring, Claus"]
[Black "Porsgaard, Per Lykke"]
[Result "1-0"]
[WhiteElo "1975"]
[BlackElo "1462"]
[PlyCount "47"]
[EventDate "2004.??.??"]
[EventType "swiss"]
[EventRounds "9"]
[EventCountry "DEN"]

1. e4 c5 2. Nf3 g6 3. Bc4 Nc6 4. O-O Bg7 5. Re1 d6 6. h3 Nf6 7. c3 Bd7 8. d4
cxd4 9. cxd4 d5 10. Bxd5 Nxd5 11. exd5 Nb4 12. Qb3 Qb6 13. a3 Na6 14. Qxb6 axb6
15. Bg5 f6 16. Bf4 g5 17. Bd6 Bf8 18. Bxe7 Bxe7 19. d6 Bc6 20. Rxe7+ Kf8 21.
Nc3 Bxf3 22. gxf3 Rg8 23. Rae1 Rg7 24. Rxg7 1-0

[Event "Vesterhavsturneringen 2004"]
[Site "Esbjerg"]
[Date "2004.07.03"]
[Round "1"]
[White "Sulypa, Alexandre"]
[Black "Pontoppidan, Erik"]
[Result "1-0"]
[WhiteElo "2469"]
[BlackElo "1750"]
[PlyCount "63"]
[EventDate "2004.??.??"]
[EventType "swiss"]
[EventRounds "9"]
[EventCountry "DEN"]

1. d4 Nf6 2. c4 c5 3. Nf3 g6 4. Nc3 Bg7 5. d5 e6 6. e4 exd5 7. cxd5 d6 8. Bd3
O-O 9. O-O Re8 10. h3 a6 11. a4 Qc7 12. Be3 Nbd7 13. Nd2 Ne5 14. Be2 Rb8 15.
Re1 b6 16. Qc2 Bb7 17. Rad1 Rbd8 18. Kh1 Qe7 19. Qb3 Qc7 20. f4 Ned7 21. Bf3
Rb8 22. Nc4 Bc8 23. Bf2 Nh5 24. Bxh5 gxh5 25. Bg3 f6 26. e5 fxe5 27. fxe5 dxe5
28. d6 Qb7 29. Nxe5+ Kh8 30. Nf7+ Kg8 31. Nh6+ Kh8 32. Qg8+ 1-0

[Event "Vesterhavsturneringen 2004"]
[Site "Esbjerg"]
[Date "2004.07.03"]
[Round "1"]
[White "Svendsen, Mads O"]
[Black "Skytte, Rasmus"]
[Result "0-1"]
[WhiteElo "1744"]
[BlackElo "2403"]
[PlyCount "122"]
[EventDate "2004.??.??"]
[EventType "swiss"]
[EventRounds "9"]
[EventCountry "DEN"]

1. e4 c5 2. Nc3 Nc6 3. g3 g6 4. Bg2 Bg7 5. d3 d6 6. f4 e6 7. Nf3 Nge7 8. Be3
O-O 9. O-O Nd4 10. e5 Nef5 11. Bf2 Nxf3+ 12. Bxf3 dxe5 13. fxe5 Bxe5 14. Bxc5
Bd4+ 15. Bxd4 Qxd4+ 16. Rf2 Bd7 17. Rb1 Bc6 18. Bxc6 bxc6 19. Qe2 Rab8 20. Qe4
Qg7 21. Qa4 c5 22. Qxa7 Rfc8 23. Qa6 Ne3 24. Ne4 Rd8 25. Nf6+ Kh8 26. Qc6 Nf5
27. Ne4 Rdc8 28. Qa6 Ne3 29. Nd6 Rc7 30. Qa5 f5 31. Re1 Ng4 32. Rf4 e5 33. Ra4
Rc6 34. Nc4 Rf8 35. Qc3 Re6 36. h3 Qh6 37. hxg4 Qh3 38. Re2 fxg4 39. Rg2 Qh5
40. Ra7 Ref6 41. Ne3 Qg5 42. Qd2 Rf3 43. Re2 Rxg3+ 44. Ng2 Qh5 45. Rf2 Rgf3 46.
Rxf3 gxf3 47. Qf2 Qg4 48. Kh2 Rf5 49. Ra8+ Kg7 50. Ra7+ Kh6 51. Nh4 Rh5 52.
Qe3+ Qf4+ 53. Qxf4+ exf4 54. a4 Rxh4+ 55. Kg1 Kg5 56. Rc7 Kg4 57. Rxc5 h6 58.
Rc6 g5 59. a5 Kg3 60. a6 f2+ 61. Kf1 Rh1+ 0-1

[Event "Vesterhavsturneringen 2004"]
[Site "Esbjerg"]
[Date "2004.07.03"]
[Round "1"]
[White "Thogersen, Egon"]
[Black "Petersen, Martin Reib"]
[Result "0-1"]
[WhiteElo "1000"]
[BlackElo "1783"]
[PlyCount "52"]
[EventDate "2004.??.??"]
[EventType "swiss"]
[EventRounds "9"]
[EventCountry "DEN"]

1. f4 d5 2. Nf3 Nf6 3. d3 c5 4. e3 Nc6 5. Be2 g6 6. Bd2 Bg7 7. c3 O-O 8. O-O
Qc7 9. Be1 Ng4 10. Qd2 e5 11. Bg3 f5 12. fxe5 Ncxe5 13. Nxe5 Bxe5 14. Bxe5 Qxe5
15. Bxg4 fxg4 16. Rxf8+ Kxf8 17. Qf2+ Kg7 18. Nd2 Bf5 19. d4 Qe7 20. Nb3 c4 21.
Nd2 Bd3 22. b3 Qa3 23. b4 Rf8 24. Qg3 Qxc3 25. Rf1 Rxf1+ 26. Nxf1 Qc1 0-1

[Event "Vesterhavsturneringen 2004"]
[Site "Esbjerg"]
[Date "2004.07.03"]
[Round "1"]
[White "Wilton, Lars"]
[Black "Stephensen, Mikkel"]
[Result "1-0"]
[WhiteElo "2125"]
[BlackElo "1648"]
[PlyCount "47"]
[EventDate "2004.??.??"]
[EventType "swiss"]
[EventRounds "9"]
[EventCountry "DEN"]

1. d4 Nf6 2. Nf3 e6 3. g3 d5 4. Bg2 c5 5. O-O Nc6 6. c4 dxc4 7. dxc5 Qxd1 8.
Rxd1 Bxc5 9. Nc3 h6 10. Bf4 Bd7 11. Ne5 Rc8 12. Nxc4 O-O 13. Bd6 Bxd6 14. Nxd6
Rb8 15. e4 b6 16. f4 Rfd8 17. e5 Ng4 18. Bf3 Ne3 19. Rd3 Nc2 20. Rad1 N6b4 21.
R3d2 Ne3 22. Re1 Nf5 23. Nxf5 exf5 24. Red1 1-0

[Event "Vesterhavsturneringen 2004"]
[Site "Esbjerg"]
[Date "2004.07.04"]
[Round "2"]
[White "Andersen, Morten"]
[Black "Sorensen, Jorn Lindved"]
[Result "1-0"]
[WhiteElo "2111"]
[BlackElo "1784"]
[PlyCount "101"]
[EventDate "2004.??.??"]
[EventType "swiss"]
[EventRounds "9"]
[EventCountry "DEN"]

1. d4 Nf6 2. Nf3 e6 3. c4 c5 4. d5 exd5 5. cxd5 d6 6. Nc3 g6 7. e4 Bg4 8. Be2
Bxf3 9. Bxf3 Bg7 10. Bf4 O-O 11. O-O Na6 12. e5 Ne8 13. Re1 dxe5 14. Bxe5 Bxe5
15. Rxe5 Qd6 16. Qe2 Nac7 17. Re1 Nf6 18. Nb5 Nxb5 19. Qxb5 Rab8 20. a4 a6 21.
Qa5 Rfe8 22. Qc3 Rxe5 23. Rxe5 b5 24. axb5 axb5 25. g3 Re8 26. Rxe8+ Nxe8 27.
Kg2 b4 28. Qe3 Nf6 29. b3 Kg7 30. g4 Nxd5 31. Qe4 Nc3 32. Qe3 Nb5 33. Be2 Nd4
34. Bc4 Nc6 35. Qe4 Na5 36. Bd5 Qc7 37. g5 h5 38. h3 Qd7 39. Qe5+ Kg8 40. f3
Nc6 41. Qe4 Nd4 42. Qxg6+ Kf8 43. Qh6+ Kg8 44. g6 Qxd5 45. Qh7+ Kf8 46. g7+ Ke7
47. Qe4+ Qxe4 48. fxe4 Nxb3 49. g8=Q Nd4 50. Qg5+ f6 51. Qxc5+ 1-0

[Event "Vesterhavsturneringen 2004"]
[Site "Esbjerg"]
[Date "2004.07.04"]
[Round "2"]
[White "Andersen, Rune"]
[Black "Sulypa, Alexandre"]
[Result "0-1"]
[WhiteElo "2045"]
[BlackElo "2469"]
[PlyCount "88"]
[EventDate "2004.??.??"]
[EventType "swiss"]
[EventRounds "9"]
[EventCountry "DEN"]

1. d4 Nf6 2. c4 g6 3. Nc3 d5 4. cxd5 Nxd5 5. Bd2 Nb6 6. Bf4 Bg7 7. e3 O-O 8.
Rc1 c6 9. Be2 Re8 10. h3 Nd5 11. Nxd5 Qxd5 12. Qa4 Nd7 13. Nf3 Nb6 14. Qa3 Bf8
15. Ne5 e6 16. Qb3 f6 17. Ng4 Qxb3 18. axb3 Bg7 19. Nh6+ Bxh6 20. Bxh6 e5 21.
dxe5 Rxe5 22. Bc4+ Be6 23. Bf4 Nxc4 24. bxc4 Ra5 25. Ke2 Ra2 26. Rc2 c5 27. Rd1
Kf7 28. f3 Rc8 29. Rd3 g5 30. Bg3 Ra4 31. b3 Ra3 32. Be1 Rc6 33. g4 Rb6 34.
Rcc3 a5 35. e4 a4 36. bxa4 Rxa4 37. Rd8 Rxc4 38. Rcd3 Rc2+ 39. Rd2 Rxd2+ 40.
Bxd2 Rb2 41. Ke3 b5 42. f4 Rb3+ 43. Kf2 gxf4 44. Bxf4 Rxh3 0-1

[Event "Vesterhavsturneringen 2004"]
[Site "Esbjerg"]
[Date "2004.07.04"]
[Round "2"]
[White "Bach, Matthias"]
[Black "Andersen, Hans Jorgen"]
[Result "1-0"]
[WhiteElo "2354"]
[BlackElo "2060"]
[PlyCount "73"]
[EventDate "2004.??.??"]
[EventType "swiss"]
[EventRounds "9"]
[EventCountry "DEN"]

1. d4 d5 2. c4 e6 3. Nc3 Nf6 4. Nf3 Be7 5. g3 O-O 6. Bg2 c6 7. O-O Nbd7 8. b3
b6 9. Bb2 Bb7 10. Qc2 Qc7 11. Rac1 Rac8 12. Ne5 Nxe5 13. dxe5 Ng4 14. cxd5 cxd5
15. Qd2 Qb8 16. Qf4 f5 17. Nb5 g5 18. Qd2 Nxe5 19. Nxa7 Rxc1 20. Rxc1 Bf6 21.
Nb5 Qd8 22. Bxe5 Bxe5 23. Qe3 Qf6 24. Qxb6 f4 25. Qxb7 fxg3 26. fxg3 Qf2+ 27.
Kh1 Qxe2 28. Qb6 Bb2 29. Rg1 Rf2 30. Nd4 Bxd4 31. Qxd4 Qxa2 32. Ra1 Qe2 33.
Ra8+ Kf7 34. Ra7+ Kg6 35. Qg7+ Kf5 36. Rf7+ Kg4 37. h3+ 1-0

[Event "Vesterhavsturneringen 2004"]
[Site "Esbjerg"]
[Date "2004.07.04"]
[Round "2"]
[White "Bernhardsson, Sten"]
[Black "Konradsen, Vagn"]
[Result "1-0"]
[WhiteElo "2115"]
[BlackElo "1196"]
[PlyCount "53"]
[EventDate "2004.??.??"]
[EventType "swiss"]
[EventRounds "9"]
[EventCountry "DEN"]

1. d4 d5 2. c4 Nf6 3. cxd5 Qxd5 4. Nc3 Qd8 5. Nf3 e6 6. Bg5 Be7 7. e3 c6 8. Bd3
Nd5 9. Bxe7 Qxe7 10. Rc1 O-O 11. O-O Nb4 12. Bb1 f5 13. a3 Nd5 14. Qc2 g6 15.
Rfe1 Qf6 16. b4 Nxc3 17. Qxc3 Nd7 18. Ba2 Nb6 19. Ne5 Nd7 20. Nd3 Nb6 21. Qb3
Kg7 22. a4 Bd7 23. Nc5 e5 24. a5 Rf7 25. axb6 axb6 26. dxe5 Qe7 27. Nxd7 1-0